000 00927nam a2200301 a 4500
003 AR-BaBNM
005 20251128210609.0
008 082120s2002 ||||||||||||||000 | spa||
040 _cAR-BaBNM
245 0 0 _aFwala wet chelos
_bwel'a wet chelos
260 _a[S.l.]
_bs.n.]
_c[ca. 1997]
300 _a12 p.
_bil.
500 _aEste texto está escrito en idioma wichi
500 _aLa producción de este material se financió con los aportes del Plan Social Educativo
610 2 4 _aAsociación CulturaL Taiñhi
650 4 _aEDUCACION MULTICULTURAL
650 4 _aABORIGENES
650 4 _aPROGRAMAS INTERCULTURALES
650 4 _aEDUCACION BILINGÜE
650 4 _aPROGRAMAS DE EDUCACION COMPENSATORIA
650 4 _aTRADICION ORAL
650 4 _aLITERATURA POPULAR
650 4 _aLEYENDAS
700 1 _aZidarich, Mónica
_ecoordinador
700 1 _aTomé, Marta
_eilustrador
942 _cBK
998 _cRaquel
999 _c16103
_d16103